| 000 | 00000nam 2200000zi 4500 |
| 001 | 9.928900 |
| 003 | CaOODSP |
| 005 | 20241106095720 |
| 006 | m o d f |
| 007 | cr |n||||||||| |
| 008 | 231016s2021 onca o f|0| 0 eng d |
| 040 | |aCaOODSP|beng|erda|cCaOODSP |
| 043 | |an-cn--- |
| 086 | 1 |aA104-446/2021E-PDF |
| 245 | 04|aThe Canadian Food Inspection Agency's open science action plan, 2021-2026. |
| 264 | 1|a[Ottawa] : |bCanadian Food Inspection Agency = Agence canadienne d'inspection des aliments, |c[2021] |
| 300 | |a1 online resource (13 pages) : |billustrations |
| 336 | |atext|btxt|2rdacontent |
| 337 | |acomputer|bc|2rdamedia |
| 338 | |aonline resource|bcr|2rdacarrier |
| 500 | |aIssued also in French under title: Plan d'action pour la science ouverte de l’Agence canadienne d’inspection des aliments, 2021 à 2026. |
| 610 | 20|aCanadian Food Inspection Agency|xPlanning. |
| 650 | 0|aScience and state|zCanada. |
| 650 | 0|aTransparency (Ethics) in government|zCanada. |
| 710 | 2 |aCanadian Food Inspection Agency, |eissuing body. |
| 775 | 08|tPlan d'action pour la science ouverte de l’Agence canadienne d’inspection des aliments, 2021 à 2026.|w(CaOODSP)9.928901 |
| 856 | 40|qPDF|s1.08 MB|uhttps://publications.gc.ca/collections/collection_2023/acia-cfia/A104-446-2021-eng.pdf |
| 856 | 41|qHTML|sN/A|uhttps://inspection.canada.ca/science-and-research/open-science/open-science-action-plan/eng/1628881261668/1628881261996 |